[Event "Milan Crespi op-B 32nd"]
[Site "Milan"]
[Date "2011.12.08"]
[Round "2"]
[White "Dobboletta, Alex"]
[Black "Giallombardo, Federico"]
[Result "1-0"]
[WhiteElo "1939"]
[BlackElo "1906"]
[PlyCount "43"]
[EventDate "2011.12.07"]
[EventType "swiss"]
[EventRounds "7"]
[EventCountry "ITA"]
[SourceTitle "EXT 2022"]
[Source "ChessBase"]
[SourceDate "2021.10.06"]
[SourceVersion "1"]
[SourceVersionDate "2021.10.06"]
[SourceQuality "1"]

1. e4 d6 2. d4 Nf6 3. Nc3 c6 4. f3 Nbd7 5. Be3 e5 6. g4 h6 7. h4 Be7 8. Qd2 Qc7 9. 0-0-0 b6 10. Nh3 Bb7 11. g5 hxg5 12. Nxg5 Rf8 13. Ne2 0-0-0 14. Ng3 g6 15. h5 gxh5 16. Nf5 Rde8 17. dxe5 dxe5 18. Bc4 Nc5 19. Nxf7 Kb8 20. Nxe5 Ka8 21. Qh2 b5 22. Ng6 1-0

[Event "Gorgonzola op-B 12th"]
[Site "Gorgonzola"]
[Date "2007.11.18"]
[Round "6"]
[White "Santandrea, Marco"]
[Black "Giallombardo, Federico"]
[Result "1/2-1/2"]
[WhiteElo "1837"]
[BlackElo "1544"]
[PlyCount "43"]
[EventDate "2007.11.10"]
[EventType "swiss"]
[EventRounds "6"]
[EventCountry "ITA"]
[SourceTitle "EXT 2010"]
[Source "ChessBase"]
[SourceDate "2010.11.25"]
[SourceVersion "1"]
[SourceVersionDate "2010.11.25"]
[SourceQuality "1"]

1. e4 c5 2. c3 d5 3. exd5 Qxd5 4. d4 Nf6 5. Nf3 e6 6. Be2 Be7 7. 0-0 0-0 8. Ne5 cxd4 9. cxd4 Rd8 10. Be3 Nbd7 11. Nc3 Qa5 12. Nxd7 Bxd7 13. Qb3 Bc6 14. Rac1 Nd5 15. Nxd5 Bxd5 16. Bc4 Bc6 17. Be2 Rd7 18. a3 Rad8 19. Qc3 Qf5 20. Qc2 Be4 21. Qc3 Qg6 22. f3 1/2-1/2

[Event "Gorgonzola op-B 12th"]
[Site "Gorgonzola"]
[Date "2007.11.17"]
[Round "4"]
[White "Giallombardo, Federico"]
[Black "Ciciotti, Augusto Walter"]
[Result "0-1"]
[WhiteElo "1544"]
[BlackElo "1877"]
[PlyCount "54"]
[EventDate "2007.11.10"]
[EventType "swiss"]
[EventRounds "6"]
[EventCountry "ITA"]
[SourceTitle "EXT 2010"]
[Source "ChessBase"]
[SourceDate "2010.11.25"]
[SourceVersion "1"]
[SourceVersionDate "2010.11.25"]
[SourceQuality "1"]

1. d4 Nf6 2. c4 g6 3. Nc3 d5 4. cxd5 Nxd5 5. e3 Bg7 6. Nf3 0-0 7. Be2 c5 8. 0-0 Nc6 9. Qb3 Nxc3 10. bxc3 cxd4 11. cxd4 Rb8 12. Bb2 Be6 13. Qa4 Bd5 14. Rfd1 Re8 15. Rac1 Qb6 16. Bc3 a6 17. Ne5 Nxe5 18. dxe5 Qe6 19. Rd2 Bxe5 20. Bxe5 Qxe5 21. Rc5 Qa1+ 22. Bf1 Bc6 23. Qb3 Red8 24. Rdc2 Rd1 25. Qc4 Bb5 26. Rxb5 axb5 27. Qxb5 Rbd8 0-1